| 000 | 00878nas a2200301 4500 | ||
|---|---|---|---|
| 001 | BR0201061 | ||
| 003 | BR-BrBNA | ||
| 005 | 20231205102801.0 | ||
| 007 | ta | ||
| 008 | 230509b bl.|||p| |||| 00| 00por d | ||
| 040 |
_aBR-BrBNA _bpor _cBiblioteca Nacional de Agricultura |
||
| 041 | _a(Pt) | ||
| 072 | _aJ11 | ||
| 100 | 1 | _aSilva, R.P.G. | |
| 100 | 1 | _aVilela, E.R. | |
| 100 | 1 | _aPereira, R.G.F.A. | |
| 100 | 1 | _aBorém, F.M. | |
| 245 | 1 | _aQualidade de grãos de café (Coffea arabica L.)armazenamento em coco, com diferentes níveis de umidade | |
| 650 | _aCAFÉ | ||
| 650 | _aCOCO | ||
| 650 | _aGRÃO | ||
| 650 | _aARMAZENAMENTO | ||
| 650 | _aQUALIDADE | ||
| 650 | _aUMIDADE | ||
| 773 | 0 |
_tRevista Brasileira de Armazenamento (Brazil) _xISSN 0100-3518 _g(2001), (no. 3) p. 3-10 _wBR0201061 |
|
| 909 |
_a202311 _bLúcia _c55 _dLúcia Elande |
||
| 942 |
_2AGRIS _n0 _cANA |
||
| 999 |
_c169302 _d169302 |
||